|
|
|
|
| LEADER |
01072nam a22003132a 4500 |
| 001 |
001614421 |
| 003 |
CZ BrMZK |
| 005 |
20180130083141.0 |
| 007 |
ta |
| 008 |
180130s1933 xr er|||||||||||cze d |
| 015 |
|
|
|a cnb000942474
|
| 020 |
|
|
|q (Brož.)
|
| 035 |
|
|
|a (OCoLC)85522031
|
| 040 |
|
|
|a ABA001
|b cze
|c OSA001
|d ABA001
|
| 041 |
1 |
|
|a cze
|h ita
|
| 100 |
1 |
|
|a Pirandello, Luigi,
|d 1867-1936
|7 jn20000604446
|4 aut
|
| 245 |
1 |
0 |
|a Černý šátek /
|c Luigi Pirandello ; přeložila Nina Tučková
|
| 260 |
|
|
|a V Praze :
|b Adolf Synek,
|c 1933
|
| 300 |
|
|
|a 33 s. ;
|c 19 cm
|
| 490 |
1 |
|
|a Omnia ;
|v sv. 31
|
| 500 |
|
|
|a Přeloženo z italštiny
|
| 500 |
|
|
|a Dostupné též v digitální podobě v aplikaci Kramerius
|
| 830 |
|
0 |
|a Omnia (Adolf Synek)
|0 s
|
| 856 |
4 |
1 |
|u http://www.digitalniknihovna.cz/mzk/uuid/uuid:77e8d8b0-05b8-11e8-b1a1-005056827e52
|y Digitalizovaný dokument
|x NDK
|
| 910 |
|
|
|a BOA001
|b 1-0128.986,31
|
| 990 |
|
|
|a BK
|
| 995 |
|
|
|a 01
|
| 991 |
|
|
|b 201801
|
| 996 |
6 |
|
|b 2619190086
|c 1-0128.986,31
|l MZK
|r Sklad / do 1 hodiny
|n 0
|w 001649746
|u 000010
|a 1
|e BOA001
|j MZK50
|s P
|